Missing Word: Mystery Science Theater 3000 (A-Z) Quiz Stats

 Plays Quiz Updated Aug 3, 2018

Challenge
Share
Tweet
Embed
Score 0/25 Timer 05:00
0 Plays Today
Title Missing Word % Correct
Santa _____ Conquers the Martians (5)Claus
95.8%
Teenagers from _____ Space (5)Outer
94.9%
Beginning of the _____ (3)End
92.9%
The Brain That Wouldn't _____ (3)Die
92.7%
I Was a _____ Werewolf (7)Teenage
90.3%
First Spaceship on _____ (5)Venus
89.4%
It Conquered the _____ (5)World
89.3%
Overdrawn at the Memory _____ (4)Bank
85.8%
The Castle of Fu _____ (6)Manchu
82.7%
The _____ Melting Man (10)Incredible
75.5%
Warrior of the _____ World (4)Lost
74.4%
_____ vs. the Sea Monster (8)Godzilla
73.9%
Terror from the _____ 5000 (4)Year
72.1%
Title Missing Word % Correct
Manos: The Hands of _____ (4)Fate
61.8%
The _____ Colossal Man (7)Amazing
59.7%
_____ of the Delta Knights (5)Quest
59%
_____ Force: Fugitive Alien II (4)Star
58.9%
_____ of the Blood Beast (5)Night
55.3%
_____ of the Creature (7)Revenge
51.7%
_____ Nightmare (6)Zombie
49.6%
_____ People (3)Pod
48.4%
The _____ Shrews (6)Killer
47.7%
The _____ Duplicators (5)Human
43.1%
The Sinister _____ (4)Urge
22.8%
_____ Goddess (6)Jungle
19.8%

Today's Daily Dose

Missing Word
'F' Pairs

Word Ladder
Mixed Synonyms

On This Day
August 15th II

You're not logged in!

Compare scores with friends on all Sporcle quizzes.
Join for Free
OR
Log In

You Might Also Like...

Show Comments

Extras

Top Quizzes Today


Score Distribution

Your Account Isn't Verified!

In order to create a playlist on Sporcle, you need to verify the email address you used during registration. Go to your Sporcle Settings to finish the process.

Report this User

Report this user for behavior that violates our Community Guidelines.

Details: